| 000 | 00608cam a2200217 a 4500 | ||
|---|---|---|---|
| 001 | 000008665 | ||
| 005 | 20200929161359.0 | ||
| 008 | 890104s1988 mx a 000 f spa | ||
| 020 | _a9684930666 | ||
| 035 | _a(DLC) 88889243 | ||
| 040 |
_aDO-SdBNP _bspa _cDLC _dBNPHU |
||
| 082 |
_aM863.44 _bM423a,1988 |
||
| 100 | 1 |
_aMastretta, Ángeles, _d1949- _923103 |
|
| 245 | 1 | 0 |
_aArráncame la vida / _cAngeles Mastretta. |
| 250 | _a13 ed. | ||
| 260 |
_aMéxico : _bOcéano, _c1988. |
||
| 300 |
_a226 p. : _bil. ; _c23 cm. |
||
| 650 | 4 |
_aNovela mexicana _93959 |
|
| 650 | 4 |
_aLiteratura mexicana _91922 |
|
| 049 | _aBNGR | ||
| 999 |
_c8435 _d8435 |
||